Reading Scripture canonically : (Record no. 10381)

MARC details
000 -LEADER
fixed length control field 01585cam a2200337 i 4500
001 - CONTROL NUMBER
control field 20674172
003 - CONTROL NUMBER IDENTIFIER
control field GBCCL
005 - DATE AND TIME OF LATEST TRANSACTION
control field 20241126110731.0
008 - FIXED-LENGTH DATA ELEMENTS--GENERAL INFORMATION
fixed length control field 180918s2019 miu b 001 0 eng
010 ## -
-- 2018043173
020 ## - INTERNATIONAL STANDARD BOOK NUMBER
International Standard Book Number 9780801049118 (pbk. : alk. paper)
040 ## - CATALOGING SOURCE
Original cataloging agency DLC
Language of cataloging eng
Transcribing agency DLC
Description conventions rda
Modifying agency DLC
042 ## -
-- pcc
050 00 -
-- BS521.8
-- .G54 2019
082 00 - DEWEY DECIMAL CLASSIFICATION NUMBER
Classification number 221.601
Edition information 23
Item number GIG
100 1# - MAIN ENTRY--PERSONAL NAME
Personal name Gignilliat, Mark S.,
Relator term author.
9 (RLIN) 18034
245 10 - TITLE STATEMENT
Title Reading Scripture canonically :
Remainder of title theological instincts for Old Testament interpretation /
Statement of responsibility, etc. Mark S. Gignilliat.
264 #1 - PRODUCTION, PUBLICATION, DISTRIBUTION, MANUFACTURE, AND COPYRIGHT NOTICE
Place of production, publication, distribution, manufacture Grand Rapids, Michigan :
Name of producer, publisher, distributor, manufacturer Baker Academic, a division of Baker Publishing Group,
Date of production, publication, distribution, manufacture, or copyright notice [2019]
300 ## - PHYSICAL DESCRIPTION
Extent xvi, 125 pages ;
Dimensions 22 cm
336 ## - CONTENT TYPE
Content type term text
Content type code txt
Source rdacontent
337 ## - MEDIA TYPE
Media type term unmediated
Media type code n
Source rdamedia
338 ## - CARRIER TYPE
Carrier type term volume
Carrier type code nc
Source rdacarrier
504 ## - BIBLIOGRAPHY, ETC. NOTE
Bibliography, etc. note Includes bibliographical references and indexes.
505 0# - FORMATTED CONTENTS NOTE
Formatted contents note Scripture's material form -- Scripture and canon -- Sanding with the grain: final form and canonical shape -- Canonical intentionality -- Canon and textual criticism: the search for the Christian Bible -- Scripture's subject matter -- God as Triune and exegetical metaphysics -- The Trinity and the Old Testament.
630 00 - SUBJECT ADDED ENTRY--UNIFORM TITLE
Uniform title Bible
General subdivision Canonical criticism.
9 (RLIN) 15185
630 00 - SUBJECT ADDED ENTRY--UNIFORM TITLE
Uniform title Bible
General subdivision Criticism, interpretation, etc.
9 (RLIN) 144
630 00 - SUBJECT ADDED ENTRY--UNIFORM TITLE
Uniform title Bible.
Name of part/section of a work Old Testament
General subdivision Hermeneutics.
9 (RLIN) 2494
906 ## - LOCAL DATA ELEMENT F, LDF (RLIN)
a 7
b cbc
c orignew
d 1
e ecip
f 20
g y-gencatlg
942 ## - ADDED ENTRY ELEMENTS (KOHA)
Source of classification or shelving scheme Dewey Decimal Classification
Koha item type Books
Holdings
Withdrawn status Lost status Source of classification or shelving scheme Damaged status Not for loan Home library Current Library Shelving location Date acquired Total checkouts Full call number Barcode Date last seen Copy number Price effective from Koha item type
    Dewey Decimal Classification     GRACE BIBLE COLLEGE GRACE BIBLE COLLEGE Biblical Studies 2024-07-09   221.601 GIG 020759 2025-05-01 c.1 2024-07-09 Books
© Grace Bible College Library 2025